[Event "Lugano Paradiso op"]
[Site "Lugano"]
[Date "2024.05.18"]
[Round "2"]
[White "Meo, Quentin"]
[Black "Stojanovic, Mihajlo"]
[Result "0-1"]
[WhiteElo "1822"]
[BlackElo "2479"]
[PlyCount "64"]
[EventDate "2024.05.17"]
[EventType "swiss"]
[EventRounds "5"]
[EventCountry "SUI"]
[SourceTitle "EXT 2025"]
[Source "ChessBase"]
[SourceDate "2024.10.14"]
[SourceVersion "1"]
[SourceVersionDate "2024.10.14"]
[SourceQuality "1"]

1. c4 c6 2. e4 d5 3. cxd5 cxd5 4. exd5 Nf6 5. Nc3 Nxd5 6. d4 Nc6 7. Bb5 e6 8. Nf3 Bb4 9. Bd2 0-0 10. Ne4 Qb6 11. Bxc6 Qxc6 12. 0-0 Be7 13. Re1 b6 14. Rc1 Qb5 15. Nc3 Nxc3 16. bxc3 Bb7 17. Re5 Qd7 18. Qe2 Rac8 19. Rh5 f6 20. c4 Rf7 21. Re1 g6 22. Rh3 Ba6 23. Rc1 Qc6 24. d5 exd5 25. Nd4 Qd7 26. Qe1 dxc4 27. Bc3 Bc5 28. Rd1 Re7 29. Qd2 Rce8 30. Re3 Rxe3 31. fxe3 Qe7 32. Nc2 Bb7 0-1

[Event "Schaffhausen op"]
[Site "Schaffhausen"]
[Date "2022.03.20"]
[Round "5"]
[White "Meo, Quentin"]
[Black "Kuhn, Andreas2"]
[Result "0-1"]
[WhiteElo "1733"]
[BlackElo "1930"]
[PlyCount "64"]
[EventDate "2022.03.18"]
[EventType "swiss"]
[EventRounds "5"]
[EventCountry "SUI"]
[SourceTitle "CBM 207 Extra"]
[Source "ChessBase"]
[SourceDate "2022.05.31"]
[SourceVersion "1"]
[SourceVersionDate "2022.05.31"]
[SourceQuality "1"]

1. c4 e6 2. Nc3 c5 3. g3 Nc6 4. Bg2 g6 5. d3 Bg7 6. Bf4 e5 7. Bd2 Nge7 8. Nf3 0-0 9. 0-0 h6 10. h3 d6 11. Ne1 Be6 12. Nc2 Qd7 13. Kh2 d5 14. cxd5 Nxd5 15. Ne3 Nde7 16. Ne4 b6 17. Nc2 Rad8 18. Bxh6 Bd5 19. Qc1 f5 20. Bxg7 Kxg7 21. Ng5 Bxg2 22. Kxg2 f4 23. g4 Nd5 24. a3 Nf6 25. f3 Nd5 26. b4 Qe7 27. Ne4 Nd4 28. Nxd4 cxd4 29. Rg1 Ne3+ 30. Kh2 Rh8 31. g5 Rxh3+ 32. Kxh3 Rh8# 0-1